Lietajúci tanier a láska

Bibliographic Details
Main Author: Takáč, Juraj, 1947- (Author)
Other Authors: Takáčová, Valéria, 1949- (Illustrator)
Format: Book
Language:Slovak
PhysicalDescription:102 s. 21 cm
Published: Bratislava Print-servis 1994
ISBN:8088755034
Edition:1. vyd.
Subjects:

MARC

LEADER 00000nam a2200000 a 4500
001 vtls001077666
003 SK-MaSNL
005 20260301095035.0
008 160314s1994 xo 0 slo
015 |a SNBA1995/02 
020 |a 8088755034 
035 |a SNK000020500 
040 |a SNK  |b slo  |c SNK  |e AACR2 
044 |a xo  |c SK 
080 |a 885.4-3  |2 1981 
100 1 |a Takáč, Juraj,  |d 1947-  |4 aut  |9 223355 
245 0 |a Lietajúci tanier a láska  |c Juraj Takáč ; ilustrácie Valéria Takáčová 
250 |a 1. vyd. 
260 |a Bratislava  |b Print-servis  |c 1994  |e Bratislava  |f OFPRINT HOLÍK 
300 |a 102 s.  |c 21 cm 
500 |a Pre čitateľov od 11 rokov 
500 |a Ilustrácie na frontispice 
655 7 |a slovenské poviedky  |2 SNKPH  |9 70226 
655 7 |a vedecko-fantastické poviedky  |2 SNKPH  |9 73309 
655 7 |a literatúra pre deti a mládež  |2 SNKPH  |9 189378 
700 1 |a Takáčová, Valéria,  |d 1949-  |4 ill  |9 19106 
919 |a 80-88755-03-4 
958 |a TL 
958 |a LX 
999 |c 682016  |d 683946 
952 |t P60, <04>, [BOOK], {604}  |a SNK  |b SNK  |y VYP  |7 0  |p 17A0078692  |o snkSC 87539 D1  |0 0  |1 0  |4 0  |d 1997-07-10  |l 0  |r 2004-12-31 00:00:00  |w 2026-02-23 
952 |a SNK  |b SNK  |y PREZ  |7 0  |p 17A1015988  |o snkSC 87539   |0 0  |1 0  |4 0  |d 2013-07-15  |l 0  |r 2026-02-23 20:00:38  |w 2026-02-23